[Event "SSC-Rostock-Open 2013"]
[Site "Rostock"]
[Date "2013.07.31"]
[Round "1.27"]
[White "Kioschies, Johann"]
[Black "Langer, Moritz"]
[Result "1-0"]
[WhiteElo "2006"]
[BlackElo "1191"]
[PlyCount "93"]
[EventDate "2013.07.31"]
[EventType "swiss"]
[EventRounds "7"]
[EventCountry "GER"]
[Source "LSV Meck.-Vorp."]
[SourceDate "1999.06.01"]
[WhiteTeam "SV Aalen"]
[BlackTeam "TuS Makkabi Rostock"]

1. c4 e5 2. Nc3 Nf6 3. g3 d5 4. cxd5 Nxd5 5. Bg2 Be6 6. Nf3 Nc6 7. d3 Qd7 8.
Ng5 Nxc3 9. bxc3 O-O-O 10. Nxe6 Qxe6 11. Qa4 Bc5 12. Bxc6 Qxc6 13. Qxc6 bxc6
14. a4 a5 15. O-O Rhe8 16. Kg2 e4 17. d4 Bb6 18. Ba3 Rd5 19. e3 c5 20. c4 Rf5
21. Bb2 cxd4 22. exd4 c6 23. Rfe1 Rf6 24. Ra3 Rfe6 25. Rb3 Bc7 26. d5 cxd5 27.
cxd5 Rd6 28. Rb5 g6 29. Bc3 Ra6 30. Rc1 Kd7 31. Bd2 Rc8 32. Rb7 Rb6 33. Ra7 Rd6
34. Bxa5 Rxd5 35. Raxc7+ Rxc7 36. Bxc7 Rd2 37. Bb6 Ra2 38. Rc4 f5 39. Kf1 Kd6
40. a5 Kd5 41. Rc7 g5 42. Be3 Kd6 43. Rxh7 Rxa5 44. Bxg5 Ra1+ 45. Kg2 Kd5 46.
h4 Kd4 47. Bf6+ 1-0

[Event "SSC-Rostock-Open 2013"]
[Site "Rostock"]
[Date "2013.07.31"]
[Round "1.28"]
[White "Breuel, Steffen"]
[Black "Ehlert, Horst"]
[Result "0-1"]
[WhiteElo "1183"]
[BlackElo "1998"]
[PlyCount "48"]
[EventDate "2013.07.31"]
[EventType "swiss"]
[EventRounds "7"]
[EventCountry "GER"]
[Source "LSV Meck.-Vorp."]
[SourceDate "1999.06.01"]
[WhiteTeam "SSC Rostock 07"]
[BlackTeam "SV Laatzen"]

1. d4 Nf6 2. c4 b6 3. Nc3 Bb7 4. f3 g6 5. e4 d6 6. Bd3 Bg7 7. Be3 Nbd7 8. Nge2
c5 9. d5 Ne5 10. Qa4+ Nfd7 11. Bc2 O-O 12. O-O-O a6 13. Bd3 b5 14. cxb5 axb5
15. Qxb5 Ba6 16. Qxa6 Rxa6 17. Bxa6 Qa5 18. Bb5 Nb6 19. Kb1 Nec4 20. Bc1 Qb4
21. Rd3 Na3+ 22. Ka1 Nxb5 23. Nxb5 Qxb5 24. Nc3 Qxd3 0-1

[Event "SSC-Rostock-Open 2013"]
[Site "Rostock"]
[Date "2013.07.31"]
[Round "1.29"]
[White "Schreiber, Kevin"]
[Black "Lange, Johannes"]
[Result "1-0"]
[WhiteElo "1914"]
[BlackElo "1174"]
[PlyCount "67"]
[EventDate "2013.07.31"]
[EventType "swiss"]
[EventRounds "7"]
[EventCountry "GER"]
[Source "LSV Meck.-Vorp."]
[SourceDate "1999.06.01"]
[WhiteTeam "SC Mecklenburger Springer"]
[BlackTeam "Schachunion Berlin"]

1. d4 d5 2. Nf3 Nc6 3. Bf4 Nf6 4. c4 dxc4 5. Nc3 a6 6. a4 Bf5 7. Nh4 Bd7 8. e4
g6 9. Bxc4 Bg7 10. O-O Nxe4 11. Nxe4 Nxd4 12. Nf3 Bg4 13. Bxf7+ Kxf7 14. Nfg5+
Kg8 15. Qxg4 h6 16. Nh3 Kh7 17. Rfd1 b6 18. Nhg5+ hxg5 19. Nxg5+ Kg8 20. Rxd4
Qe8 21. Qe6+ Kf8 22. Be5 Bxe5 23. Qxe5 Kg8 24. Qe6+ Kg7 25. Rd7 Kf8 26. Rad1 c5
27. Rd8 Rxd8 28. Rxd8 Kg7 29. Rxe8 Rxe8 30. Qf7+ Kh6 31. Ne6 Rc8 32. Qg7+ Kh5
33. Qh7+ Kg4 34. Qh3# 1-0

[Event "SSC-Rostock-Open 2013"]
[Site "Rostock"]
[Date "2013.07.31"]
[Round "1.30"]
[White "Zeis, Konstantin"]
[Black "Birnbaum, Wolf Dieter"]
[Result "0-1"]
[WhiteElo "1157"]
[BlackElo "1992"]
[PlyCount "62"]
[EventDate "2013.07.31"]
[EventType "swiss"]
[EventRounds "7"]
[EventCountry "GER"]
[Source "LSV Meck.-Vorp."]
[SourceDate "1999.06.01"]
[WhiteTeam "TuS Makkabi Rostock"]
[BlackTeam "SF Ostsee Warnemuende"]

1. d4 Nf6 2. c4 g6 3. Nc3 d5 4. e3 Bg7 5. Nf3 O-O 6. Bd3 c5 7. O-O cxd4 8. exd4
Nc6 9. Re1 Bg4 10. h3 Bxf3 11. Qxf3 Nxd4 12. Qe3 Nc6 13. Qf3 Nd4 14. Qe3 dxc4
15. Bxc4 Nc2 16. Qxe7 Nxa1 17. Qxd8 Raxd8 18. Rd1 Rxd1+ 19. Nxd1 Nc2 20. Bd3
Nb4 21. Bc4 Rc8 22. Bb3 Rxc1 23. a3 Nd3 24. Ba4 Nxb2 25. Bb3 Nxd1 26. Bxd1
Rxd1+ 27. Kh2 Ra1 28. Kg3 Rxa3+ 29. Kh4 Rc3 30. Kg5 Rc4 31. f3 h6# 0-1

[Event "SSC-Rostock-Open 2013"]
[Site "Rostock"]
[Date "2013.07.31"]
[Round "1.31"]
[White "Stutz, Reno"]
[Black "Wulf, Doris"]
[Result "1-0"]
[WhiteElo "1991"]
[BlackElo "1138"]
[PlyCount "67"]
[EventDate "2013.07.31"]
[EventType "swiss"]
[EventRounds "7"]
[EventCountry "GER"]
[Source "LSV Meck.-Vorp."]
[SourceDate "1999.06.01"]
[WhiteTeam "ASV Gruen-Weiss Wismar"]
[BlackTeam "SC Mecklenburger Springer"]

1. e4 c5 2. c3 e6 3. d4 cxd4 4. cxd4 d6 5. Nc3 Nf6 6. Nf3 b6 7. Bd3 Bb7 8. O-O
Nbd7 9. Re1 Be7 10. Bf4 Nh5 11. Be3 Nhf6 12. Rc1 a6 13. a4 O-O 14. Qe2 Re8 15.
Rc2 Ng4 16. Bf4 e5 17. Bg3 exd4 18. Nxd4 Nge5 19. Nf5 Bf6 20. f3 Nc5 21. Bc4
Nxc4 22. Qxc4 Bxc3 23. Qxc3 f6 24. b4 Nxa4 25. Qb3+ d5 26. Qxa4 dxe4 27. Rc7 b5
28. Qb3+ Bd5 29. Rxg7+ Kh8 30. Qe3 Be6 31. Rxh7+ Kg8 32. Rg7+ Kf8 33. Qc5+ Re7
34. Rxe7 1-0

[Event "SSC-Rostock-Open 2013"]
[Site "Rostock"]
[Date "2013.07.31"]
[Round "1.32"]
[White "Gazizova, Alina"]
[Black "Giese, Guido"]
[Result "0-1"]
[WhiteElo "1120"]
[BlackElo "1964"]
[PlyCount "74"]
[EventDate "2013.07.31"]
[EventType "swiss"]
[EventRounds "7"]
[EventCountry "GER"]
[Source "LSV Meck.-Vorp."]
[SourceDate "1999.06.01"]
[WhiteTeam "TuS Makkabi Rostock"]
[BlackTeam "HSG Uni Rostock"]

1. d4 Nf6 2. c4 g6 3. Nc3 Bg7 4. e4 d6 5. f3 O-O 6. Be3 Na6 7. a3 c5 8. d5 e6
9. Bd3 exd5 10. exd5 Re8 11. Qd2 Bh6 12. Ne4 Nxe4 13. Bxe4 Bxe3 14. Qxe3 f5 15.
Ne2 fxe4 16. fxe4 Qh4+ 17. Ng3 Bf5 18. O-O Bxe4 19. Nxe4 Qxe4 20. Qf2 Rf8 21.
Qg3 Qd4+ 22. Kh1 Qxc4 23. Qe1 Rxf1+ 24. Qxf1 Qxf1+ 25. Rxf1 Rf8 26. Re1 Nc7 27.
Kg1 Nxd5 28. Rd1 Rf5 29. g4 Re5 30. Kf2 Kf7 31. Rd3 Ke6 32. Kf3 g5 33. Rd2 Re3+
34. Kf2 Rh3 35. Re2+ Kd7 36. Rd2 Rxh2+ 37. Ke1 Rxd2 0-1

[Event "SSC-Rostock-Open 2013"]
[Site "Rostock"]
[Date "2013.07.31"]
[Round "1.33"]
[White "Celmer, Ole"]
[Black "Gazizov, Max"]
[Result "1-0"]
[WhiteElo "1908"]
[BlackElo "1090"]
[PlyCount "44"]
[EventDate "2013.07.31"]
[EventType "swiss"]
[EventRounds "7"]
[EventCountry "GER"]
[Source "LSV Meck.-Vorp."]
[SourceDate "1999.06.01"]
[WhiteTeam "SSC Rostock 07"]
[BlackTeam "TuS Makkabi Rostock"]

1. e4 c5 2. c3 d6 3. d4 cxd4 4. cxd4 Nf6 5. Nc3 e6 6. Nf3 a6 7. Bd3 Nbd7 8. O-O
b5 9. e5 dxe5 10. dxe5 Ng4 11. Be4 Rb8 12. Bf4 Qc7 13. h3 Ngxe5 14. Nxe5 Nxe5
15. Bxe5 Qxe5 16. Bc6+ Ke7 17. Re1 Qd6 18. Qf3 e5 19. Rad1 Qe6 20. Nd5+ Kd8 21.
Nf4+ Qd6 22. Rxd6+ Bxd6 1-0

[Event "SSC-Rostock-Open 2013"]
[Site "Rostock"]
[Date "2013.07.31"]
[Round "1.34"]
[White "Orthmann, Ralf"]
[Black "Siegert, Gregor"]
[Result "0-1"]
[WhiteElo "1028"]
[BlackElo "1826"]
[PlyCount "52"]
[EventDate "2013.07.31"]
[EventType "swiss"]
[EventRounds "7"]
[EventCountry "GER"]
[Source "LSV Meck.-Vorp."]
[SourceDate "1999.06.01"]
[WhiteTeam "Think Rochade - SC HRO"]
[BlackTeam "SF Schwerin"]

1. d4 Nf6 2. Nf3 g6 3. e3 Bg7 4. Bd3 d6 5. Nbd2 O-O 6. O-O Nfd7 7. Qe2 e5 8. c3
f5 9. Bc4+ Kh8 10. e4 f4 11. d5 Nb6 12. Bb3 g5 13. Nc4 N8d7 14. Nxb6 Nxb6 15.
Bd2 Qf6 16. c4 Qh6 17. h3 Rf6 18. Nh2 Rf7 19. f3 Bd7 20. Rac1 Rg8 21. c5 dxc5
22. Rxc5 Bf8 23. Rxc7 Bb5 24. Qxb5 Rxc7 25. Bc3 Qd6 26. Bb4 Qxb4 0-1

[Event "SSC-Rostock-Open 2013"]
[Site "Rostock"]
[Date "2013.07.31"]
[Round "1.35"]
[White "Jeske, Holger"]
[Black "Massloch, Lea"]
[Result "1-0"]
[WhiteElo "1903"]
[BlackElo "993"]
[PlyCount "47"]
[EventDate "2013.07.31"]
[EventType "swiss"]
[EventRounds "7"]
[EventCountry "GER"]
[Source "LSV Meck.-Vorp."]
[SourceDate "1999.06.01"]
[WhiteTeam "SSC Rostock 07"]
[BlackTeam "SAV Torgelow-Droegeheide 90"]

1. e4 c5 2. b4 cxb4 3. d4 Nc6 4. d5 Ne5 5. f4 Ng6 6. Nf3 d6 7. h4 e5 8. f5 N6e7
9. h5 Nf6 10. Bd3 Bd7 11. Bg5 Nc8 12. g4 Be7 13. Bd2 Nxg4 14. Rg1 Nf6 15. h6 g6
16. fxg6 fxg6 17. Ng5 O-O 18. Be3 Nb6 19. Nd2 Rc8 20. Qe2 a6 21. Qg2 Ne8 22.
Nxh7 Bf6 23. Qxg6+ Kh8 24. Nxf8 1-0

[Event "SSC-Rostock-Open 2013"]
[Site "Rostock"]
[Date "2013.07.31"]
[Round "2.1"]
[White "Jurkatis, Hagen"]
[Black "Tomczak, Jacek"]
[Result "0-1"]
[WhiteElo "2094"]
[BlackElo "2564"]
[PlyCount "42"]
[EventDate "2013.07.31"]
[EventType "swiss"]
[EventRounds "7"]
[EventCountry "GER"]
[Source "LSV Meck.-Vorp."]
[SourceDate "1999.06.01"]
[WhiteTeam "SK Koenig Tegel 1949"]
[BlackTeam "SSC Rostock 07"]

1. d4 Nf6 2. Bg5 d5 3. Bxf6 gxf6 4. c4 dxc4 5. e3 c5 6. Bxc4 cxd4 7. Nc3 Nc6 8.
Qh5 e6 9. O-O-O Qa5 10. Qxa5 Nxa5 11. Bb5+ Ke7 12. Rxd4 a6 13. Be2 f5 14. Bf3
Bd7 15. Nge2 Bg7 16. Rb4 Rac8 17. Kb1 b5 18. Rh4 Bf6 19. Rh5 b4 20. Nd1 Nc4 21.
e4 Nd2+ 0-1

[Event "SSC-Rostock-Open 2013"]
[Site "Rostock"]
[Date "2013.07.31"]
[Round "2.2"]
[White "Brynell, Stellan"]
[Black "Hodl, Ingolf"]
[Result "1-0"]
[WhiteElo "2484"]
[BlackElo "2062"]
[PlyCount "57"]
[EventDate "2013.07.31"]
[EventType "swiss"]
[EventRounds "7"]
[EventCountry "GER"]
[Source "LSV Meck.-Vorp."]
[SourceDate "1999.06.01"]
[WhiteTeam "SSC Rostock 07"]
[BlackTeam "SSC Rostock 07"]

1. d4 Nf6 2. c4 g6 3. g3 Bg7 4. Bg2 d6 5. Nf3 Nbd7 6. Nc3 O-O 7. O-O e5 8. e4
c6 9. h3 Re8 10. Be3 h6 11. Re1 a6 12. Qc2 Qe7 13. Rad1 b6 14. a3 Bb7 15. d5 c5
16. Nd2 Bc8 17. b4 Nf8 18. bxc5 bxc5 19. Rb1 Qc7 20. Na4 Bd7 21. Nb6 Rab8 22.
Nxd7 N8xd7 23. Qa4 Rb6 24. Bf1 Reb8 25. Bd3 R8b7 26. Nb3 Qb8 27. Bc2 Nxe4 28.
Bxe4 Rxb3 29. Rxb3 1-0

[Event "SSC-Rostock-Open 2013"]
[Site "Rostock"]
[Date "2013.07.31"]
[Round "2.3"]
[White "Ruesch, Hans Joachim"]
[Black "Stern, Rene"]
[Result "0-1"]
[WhiteElo "2051"]
[BlackElo "2499"]
[PlyCount "56"]
[EventDate "2013.07.31"]
[EventType "swiss"]
[EventRounds "7"]
[EventCountry "GER"]
[Source "LSV Meck.-Vorp."]
[SourceDate "1999.06.01"]
[WhiteTeam "SF Ostsee Warnemuende"]
[BlackTeam "SK Koenig Tegel 1949"]

1. d4 d5 2. Nf3 e6 3. c4 Nf6 4. Nc3 Nbd7 5. e3 Be7 6. Qc2 O-O 7. Bd3 dxc4 8.
Bxc4 c5 9. O-O cxd4 10. exd4 Nb6 11. Bd3 Bd7 12. Ne5 Rc8 13. Qe2 Bc6 14. Rd1
Nbd5 15. Ne4 Nb4 16. Nxf6+ Bxf6 17. Bb1 Qd5 18. f3 Bb5 19. Qe4 Qxe4 20. Bxe4
Nc2 21. Bxc2 Rxc2 22. Ng4 Bh4 23. g3 Be7 24. Ne3 Re2 25. a4 Bc6 26. Kf1 Rxh2
27. Rd2 Rxd2 28. Bxd2 Bxf3 0-1

[Event "SSC-Rostock-Open 2013"]
[Site "Rostock"]
[Date "2013.07.31"]
[Round "2.4"]
[White "Szelag, Marcin"]
[Black "Helms, Sven"]
[Result "1/2-1/2"]
[WhiteElo "2488"]
[BlackElo "2046"]
[PlyCount "83"]
[EventDate "2013.07.31"]
[EventType "swiss"]
[EventRounds "7"]
[EventCountry "GER"]
[Source "LSV Meck.-Vorp."]
[SourceDate "1999.06.01"]
[WhiteTeam "SSC Rostock 07"]
[BlackTeam "SF Schwerin"]

1. e4 e6 2. d4 d5 3. Nc3 Nf6 4. e5 Nfd7 5. f4 c5 6. Nf3 a6 7. Be3 Qb6 8. a3 Qc7
9. Qd2 Nc6 10. dxc5 Bxc5 11. Bxc5 Nxc5 12. Qf2 Ne7 13. Bd3 Bd7 14. Nd4 Nxd3+
15. cxd3 Rc8 16. O-O O-O 17. Rac1 Qb6 18. Kh1 Nc6 19. Nxc6 Rxc6 20. d4 Rc4 21.
Rcd1 f6 22. exf6 Rxf6 23. Rd2 Qc7 24. Qe3 b5 25. Rdf2 Qd6 26. Na2 Qb6 27. Rd1
a5 28. b3 Rc8 29. Rc1 Rff8 30. Rc5 Qd6 31. b4 Rxc5 32. bxc5 Qb8 33. g3 b4 34.
axb4 axb4 35. Rb2 Qb5 36. Kg2 Qc4 37. Nxb4 Rb8 38. c6 Bc8 39. Qa3 Qxd4 40. c7
Qe4+ 41. Kf2 Qd4+ 42. Kf3 1/2-1/2

[Event "SSC-Rostock-Open 2013"]
[Site "Rostock"]
[Date "2013.07.31"]
[Round "2.6"]
[White "Skibbe, Willi"]
[Black "Heerde, Thomas"]
[Result "1-0"]
[WhiteElo "2292"]
[BlackElo "2001"]
[PlyCount "91"]
[EventDate "2013.07.31"]
[EventType "swiss"]
[EventRounds "7"]
[EventCountry "GER"]
[Source "LSV Meck.-Vorp."]
[SourceDate "1999.06.01"]
[WhiteTeam "SSC Rostock 07"]
[BlackTeam "SC Weisse Dame"]

1. d4 Nf6 2. c4 g6 3. Nc3 Bg7 4. e4 O-O 5. Nf3 d6 6. Be2 e5 7. O-O Nc6 8. d5
Ne7 9. Ne1 Ne8 10. Be3 f5 11. f3 f4 12. Bf2 h5 13. c5 g5 14. a4 Rf6 15. a5 Rg6
16. h3 Kh8 17. Rc1 Ng8 18. Nd3 Nh6 19. cxd6 Nxd6 20. g4 fxg3 21. Bxg3 Nhf7 22.
Nf2 Bd7 23. Qb3 a6 24. Na4 Nb5 25. Bxb5 Bxb5 26. Rfe1 Bxa4 27. Qxa4 Nd6 28. Nd3
Qe7 29. Qb4 Re8 30. Kg2 Qf7 31. Nc5 g4 32. hxg4 hxg4 33. Rf1 Bh6 34. fxg4 Qg8
35. Rh1 Nf7 36. Rcf1 Rxg4 37. Qc3 Kh7 38. Ne6 c6 39. Qf3 Nd6 40. Rxh6+ Kxh6 41.
Rh1+ Kg6 42. Qxg4+ Kf7 43. Ng5+ Ke7 44. Rh7+ Kf6 45. Rh6+ Kg7 46. Rxd6 1-0

[Event "SSC-Rostock-Open 2013"]
[Site "Rostock"]
[Date "2013.07.31"]
[Round "2.7"]
[White "Peschke, Uwe"]
[Black "Hess, Christian"]
[Result "0-1"]
[WhiteElo "2025"]
[BlackElo "2289"]
[PlyCount "32"]
[EventDate "2013.07.31"]
[EventType "swiss"]
[EventRounds "7"]
[EventCountry "GER"]
[Source "LSV Meck.-Vorp."]
[SourceDate "1999.06.01"]
[WhiteTeam "SC Empor Potsdam 1952"]
[BlackTeam "Koenigsspringer SC 1984"]

1. Nf3 c5 2. g3 Nc6 3. Bg2 Nf6 4. O-O d5 5. d4 e6 6. c4 Be7 7. dxc5 Bxc5 8. a3
dxc4 9. Qc2 O-O 10. Qxc4 Bb6 11. b4 e5 12. Nc3 Nd4 13. Bb2 Be6 14. Qd3 Bf5 15.
e4 Nxf3+ 16. Qxf3 Bg4 0-1

[Event "SSC-Rostock-Open 2013"]
[Site "Rostock"]
[Date "2013.07.31"]
[Round "2.8"]
[White "Pererva, Viktor"]
[Black "Puschendorf, Steffen"]
[Result "1-0"]
[WhiteElo "2019"]
[BlackElo "2220"]
[PlyCount "75"]
[EventDate "2013.07.31"]
[EventType "swiss"]
[EventRounds "7"]
[EventCountry "GER"]
[Source "LSV Meck.-Vorp."]
[SourceDate "1999.06.01"]
[WhiteTeam "SSC Rostock 07"]
[BlackTeam "ESV Gera"]

1. e4 e6 2. Nf3 d5 3. Nc3 dxe4 4. Nxe4 Nd7 5. d4 Ngf6 6. Bd3 Nxe4 7. Bxe4 c5 8.
O-O Qc7 9. c3 Nf6 10. Bc2 Bd6 11. Bg5 Bd7 12. Re1 O-O-O 13. Bh4 Bc6 14. Bg3 Ng4
15. Be4 Bxe4 16. Rxe4 h5 17. Qe1 Rh6 18. Bxd6 Qxd6 19. h3 Rdh8 20. dxc5 Qxc5
21. b4 Qc7 22. c4 Nf6 23. Re5 Nd7 24. Re3 Rg8 25. h4 Kb8 26. c5 Nf6 27. Rc1 Rd8
28. c6 Nd5 29. Re4 Rg6 30. Ne5 Rf6 31. cxb7 Qb6 32. Nc6+ Kxb7 33. Nxd8+ Qxd8
34. Qe2 Qb6 35. Rc5 a6 36. a3 Rf5 37. Re5 Nf4 38. Qe4+ 1-0

[Event "SSC-Rostock-Open 2013"]
[Site "Rostock"]
[Date "2013.07.31"]
[Round "2.9"]
[White "Leisner, Hannes"]
[Black "Kioschies, Johann"]
[Result "1/2-1/2"]
[WhiteElo "2208"]
[BlackElo "2006"]
[PlyCount "134"]
[EventDate "2013.07.31"]
[EventType "swiss"]
[EventRounds "7"]
[EventCountry "GER"]
[Source "LSV Meck.-Vorp."]
[SourceDate "1999.06.01"]
[WhiteTeam "Greifswalder SV"]
[BlackTeam "SV Aalen"]

1. e4 c5 2. Nf3 d6 3. d4 cxd4 4. Nxd4 Nf6 5. Nc3 g6 6. Be3 Nc6 7. f3 Bg7 8. Qd2
a6 9. O-O-O Bd7 10. g4 b5 11. g5 Nh5 12. Kb1 Qc7 13. Nd5 Qb7 14. Be2 Bf8 15. f4
Ng7 16. Bf3 O-O-O 17. Nxc6 Bxc6 18. Qc3 Kb8 19. Nb4 Rc8 20. Qa3 Kc7 21. Nxa6+
Kd8 22. Nc5 Qc7 23. Na6 Qb7 24. Nb4 Ne6 25. Rhe1 Ke8 26. Nxc6 Qxc6 27. Rd2 Bg7
28. Bg2 Qc4 29. Qb3 h6 30. h4 hxg5 31. hxg5 Rh4 32. f5 Nc5 33. Qxc4 bxc4 34.
Bf2 Rh5 35. fxg6 fxg6 36. Rd5 Nd7 37. Bf3 Rh2 38. Bg1 Rh4 39. a4 Ne5 40. Bd1
Kd7 41. Rb5 c3 42. b3 Nc6 43. Rb7+ Ke6 44. Be2 Ne5 45. Bd1 Ra8 46. Bd4 Nf3 47.
Bxg7 Nxe1 48. Bxc3 Rxe4 49. Rb4 Rxb4 50. Bxb4 Ng2 51. Bf3 Rb8 52. a5 Ne3 53.
Bd2 Nc4 54. Be1 d5 55. Bg4+ Kf7 56. Bg3 Nd6 57. Kb2 Rb5 58. Bxd6 exd6 59. a6
Ke7 60. Be2 Rb8 61. Kc3 Kd7 62. Bd3 Kc6 63. Kd4 Rb4+ 64. Kc3 Rg4 65. Bxg6 Rxg5
66. Bd3 Kb6 67. Kd4 Re5 1/2-1/2

[Event "SSC-Rostock-Open 2013"]
[Site "Rostock"]
[Date "2013.07.31"]
[Round "2.11"]
[White "Franz, Karsten"]
[Black "Schreiber, Kevin"]
[Result "1-0"]
[WhiteElo "2191"]
[BlackElo "1914"]
[PlyCount "65"]
[EventDate "2013.07.31"]
[EventType "swiss"]
[EventRounds "7"]
[EventCountry "GER"]
[Source "LSV Meck.-Vorp."]
[SourceDate "1999.06.01"]
[WhiteTeam "SV Dresden-Leuben"]
[BlackTeam "SC Mecklenburger Springer"]

1. Nf3 c5 2. g3 Nc6 3. Bg2 g6 4. d3 Bg7 5. e4 e6 6. O-O Nge7 7. c3 d5 8. Qe2 d4
9. cxd4 cxd4 10. Bd2 e5 11. b4 a6 12. a4 O-O 13. Na3 Be6 14. Rfb1 b6 15. b5 Nb8
16. Ng5 Bd7 17. f4 f6 18. Nf3 axb5 19. axb5 Qe8 20. Bb4 h6 21. Nc4 Rxa1 22.
Rxa1 Be6 23. Ra8 Bxc4 24. dxc4 Qf7 25. Ra7 Re8 26. Nh4 exf4 27. e5 Kh7 28. Bd5
Qf8 29. gxf4 fxe5 30. Qe4 Bf6 31. fxe5 Bxh4 32. Qxh4 g5 33. Qxd4 1-0

[Event "SSC-Rostock-Open 2013"]
[Site "Rostock"]
[Date "2013.07.31"]
[Round "2.12"]
[White "Birnbaum, Wolf Dieter"]
[Black "Hornych, Christoph"]
[Result "1/2-1/2"]
[WhiteElo "1992"]
[BlackElo "2172"]
[PlyCount "98"]
[EventDate "2013.07.31"]
[EventType "swiss"]
[EventRounds "7"]
[EventCountry "GER"]
[Source "LSV Meck.-Vorp."]
[SourceDate "1999.06.01"]
[WhiteTeam "SF Ostsee Warnemuende"]
[BlackTeam "SF Ostsee Warnemuende"]

1. Nf3 Nf6 2. g3 d5 3. Bg2 Bf5 4. O-O e6 5. d4 Be7 6. c4 dxc4 7. Qa4+ c6 8.
Qxc4 Nbd7 9. Nc3 O-O 10. Nh4 Nb6 11. Qb3 Qxd4 12. Nxf5 exf5 13. Rd1 Qc4 14.
Qxc4 Nxc4 15. b3 Nb6 16. a4 Rad8 17. Bf4 Rxd1+ 18. Rxd1 Rd8 19. Rxd8+ Bxd8 20.
Bd6 Nbd5 21. Nxd5 Nxd5 22. Kf1 f6 23. Ke1 Ba5+ 24. Kf1 Kf7 25. e4 fxe4 26. Bxe4
g6 27. Bc5 a6 28. Bd4 Ke6 29. Ke2 f5 30. Bc2 Bc3 31. Bc5 b6 32. Bf8 b5 33. axb5
axb5 34. h4 Nc7 35. Ke3 Kd5 36. Bh6 Ne6 37. h5 Bb2 38. Kd2 Nd4 39. hxg6 hxg6
40. Bd3 Nf3+ 41. Ke2 Ne5 42. Bc2 Bd4 43. Bf4 Nf7 44. Bd2 Nd6 45. g4 fxg4 46.
Bxg6 Ne4 47. Be1 c5 48. f3 gxf3+ 49. Kxf3 Nd6 1/2-1/2

[Event "SSC-Rostock-Open 2013"]
[Site "Rostock"]
[Date "2013.07.31"]
[Round "2.13"]
[White "Lick, Patrick"]
[Black "Stutz, Reno"]
[Result "1/2-1/2"]
[WhiteElo "2169"]
[BlackElo "1991"]
[PlyCount "50"]
[EventDate "2013.07.31"]
[EventType "swiss"]
[EventRounds "7"]
[EventCountry "GER"]
[Source "LSV Meck.-Vorp."]
[SourceDate "1999.06.01"]
[WhiteTeam "SV Laatzen"]
[BlackTeam "ASV Gruen-Weiss Wismar"]

1. d4 d5 2. Nf3 Bf5 3. c4 e6 4. Nc3 c6 5. e3 Bd6 6. Be2 Nd7 7. b3 Ngf6 8. Bb2
h6 9. Bd3 Bxd3 10. Qxd3 O-O 11. O-O Re8 12. Rfd1 Qe7 13. g3 Rad8 14. Rab1 e5
15. dxe5 Nxe5 16. Nxe5 Bxe5 17. cxd5 Nxd5 18. Nxd5 Rxd5 19. Qc2 Red8 20. Rxd5
Rxd5 21. Qe4 Qd6 22. Bxe5 Rxe5 23. Qg4 f5 24. Qf4 Rd5 25. Qc4 Kh8 1/2-1/2

[Event "SSC-Rostock-Open 2013"]
[Site "Rostock"]
[Date "2013.07.31"]
[Round "2.14"]
[White "Giese, Guido"]
[Black "Wenner, Tobias"]
[Result "0-1"]
[WhiteElo "1964"]
[BlackElo "2136"]
[PlyCount "80"]
[EventDate "2013.07.31"]
[EventType "swiss"]
[EventRounds "7"]
[EventCountry "GER"]
[Source "LSV Meck.-Vorp."]
[SourceDate "1999.06.01"]
[WhiteTeam "HSG Uni Rostock"]
[BlackTeam "SC Eppingen"]

1. e4 c5 2. Nc3 e6 3. f4 Nc6 4. Nf3 g6 5. Bb5 Nd4 6. Nxd4 cxd4 7. Ne2 Bg7 8.
O-O Ne7 9. d3 a6 10. Ba4 b5 11. Bb3 O-O 12. Qe1 d6 13. Bd2 Nc6 14. a4 Bd7 15.
axb5 axb5 16. Rxa8 Qxa8 17. Bb4 Qb8 18. Qd2 Rc8 19. Ra1 e5 20. Qe1 Nxb4 21.
Qxb4 Bg4 22. Kf1 Qb6 23. Qa5 Qc6 24. Qa6 Qd7 25. h3 Be6 26. Qa7 Qxa7 27. Rxa7
Bxb3 28. cxb3 Rc2 29. Ra8+ Bf8 30. Rb8 b4 31. Rxb4 d5 32. Rb8 dxe4 33. fxe5
exd3 34. Nxd4 Rc1+ 35. Kf2 Kg7 36. Ke3 Bc5 37. Kxd3 Rd1+ 38. Kc4 Bxd4 39. Rd8
Rc1+ 40. Kd5 Bxb2 0-1

[Event "SSC-Rostock-Open 2013"]
[Site "Rostock"]
[Date "2013.07.31"]
[Round "2.15"]
[White "Weber, Max"]
[Black "Celmer, Ole"]
[Result "1-0"]
[WhiteElo "2108"]
[BlackElo "1908"]
[PlyCount "81"]
[EventDate "2013.07.31"]
[EventType "swiss"]
[EventRounds "7"]
[EventCountry "GER"]
[Source "LSV Meck.-Vorp."]
[SourceDate "1999.06.01"]
[WhiteTeam "SSC Rostock 07"]
[BlackTeam "SSC Rostock 07"]

1. Nf3 d5 2. c4 c6 3. d4 Nf6 4. e3 Bf5 5. Nc3 e6 6. Nh4 Bd6 7. Nxf5 exf5 8.
cxd5 Nxd5 9. Nxd5 cxd5 10. Qb3 Qb6 11. Bb5+ Nc6 12. Bd2 O-O 13. Qxd5 Nb4 14.
Bxb4 Bxb4+ 15. Ke2 f4 16. Bd3 fxe3 17. fxe3 Rad8 18. Qb5 Qxb5 19. Bxb5 a6 20.
Bc4 g6 21. g4 h6 22. Raf1 Kg7 23. Rf3 b5 24. Bb3 a5 25. Rhf1 Rd7 26. Rf6 a4 27.
Bc2 Rd6 28. R6f2 Ba5 29. Bd3 b4 30. Rc1 Re8 31. Bb5 Re7 32. Kd3 a3 33. b3 Rde6
34. Rf3 Bc7 35. h3 Rb6 36. Bc4 Rf6 37. Rxf6 Kxf6 38. e4 Kg7 39. Bd5 f6 40. Rc6
Rd7 41. Be6 1-0

[Event "SSC-Rostock-Open 2013"]
[Site "Rostock"]
[Date "2013.07.31"]
[Round "2.16"]
[White "Siegert, Gregor"]
[Black "Hanisch, Sebastian"]
[Result "0-1"]
[WhiteElo "1826"]
[BlackElo "2097"]
[PlyCount "80"]
[EventDate "2013.07.31"]
[EventType "swiss"]
[EventRounds "7"]
[EventCountry "GER"]
[Source "LSV Meck.-Vorp."]
[SourceDate "1999.06.01"]
[WhiteTeam "SF Schwerin"]
[BlackTeam "SF Schwerin"]

1. e4 b6 2. g3 Bb7 3. Bg2 c5 4. d3 g6 5. Nc3 Bg7 6. Nge2 Nc6 7. Bd2 e6 8. f4
Nge7 9. O-O d6 10. Rb1 Qd7 11. a3 O-O 12. g4 f5 13. gxf5 exf5 14. Ng3 Nd4 15.
Nce2 Rae8 16. Be3 Nxe2+ 17. Qxe2 d5 18. e5 d4 19. Bd2 Nd5 20. Rbe1 Re6 21. Qf2
Qe7 22. Ne2 g5 23. fxg5 Bxe5 24. Nf4 Bxf4 25. Rxe6 Bxh2+ 26. Kxh2 Qxe6 27. Re1
Qd6+ 28. Kg1 f4 29. Be4 Qd7 30. Qf3 Rf7 31. Rf1 Ne3 32. Rf2 Bxe4 33. Qxe4 Qg4+
34. Kh1 Qh3+ 35. Kg1 Qg3+ 36. Kh1 Qxf2 37. Qe8+ Kg7 38. Qe5+ Kg6 39. Qe6+ Kxg5
40. Qe5+ Kh4 0-1

[Event "SSC-Rostock-Open 2013"]
[Site "Rostock"]
[Date "2013.07.31"]
[Round "2.17"]
[White "Schulz, Michael"]
[Black "Jeske, Holger"]
[Result "1-0"]
[WhiteElo "2249"]
[BlackElo "1903"]
[PlyCount "77"]
[EventDate "2013.07.31"]
[EventType "swiss"]
[EventRounds "7"]
[EventCountry "GER"]
[Source "LSV Meck.-Vorp."]
[SourceDate "1999.06.01"]
[WhiteTeam "SC Empor Potsdam 1952"]
[BlackTeam "SSC Rostock 07"]

1. d4 d5 2. Bg5 c6 3. Nd2 Qb6 4. e3 e6 5. Ngf3 Nd7 6. Qc1 Bd6 7. c4 dxc4 8.
Nxc4 Qc7 9. Nxd6+ Qxd6 10. Bf4 Qe7 11. Bd3 Ngf6 12. O-O O-O 13. Qc2 h6 14. a3
Re8 15. h3 Nf8 16. Qc5 Qxc5 17. dxc5 N6d7 18. Bd6 f6 19. Nd4 g6 20. b4 e5 21.
Bc4+ Kg7 22. Nb3 b6 23. Rfc1 Bb7 24. Be2 Rac8 25. a4 Ne6 26. h4 f5 27. a5 b5
28. a6 Ba8 29. Rd1 Nc7 30. e4 Nf6 31. f3 fxe4 32. fxe4 h5 33. Nd2 Kh6 34. Rf1
Re6 35. Bd1 Kg7 36. Bb3 Ree8 37. Rf2 Nfd5 38. exd5 Nxd5 39. Ne4 1-0